<?xml version="1.0" encoding="UTF-8"?>
<resp>
  <nextPage>https://data.bn.org.pl/api/networks/bibs.marcxml?marc=001+b00001150001289&amp;sinceId=1150001290</nextPage>
  <collection>
    <record xmlns='http://www.loc.gov/MARC21/slim'><leader>01643nam a2200493 i 4500</leader><controlfield tag='001'>b00001150001289</controlfield><controlfield tag='005'>20260402111648.5</controlfield><controlfield tag='008'>230609s        pl           |000 0 pol c</controlfield><controlfield tag='009'>9913261234305606</controlfield><datafield ind1=' ' ind2=' ' tag='020'><subfield code='a'>8324124128</subfield></datafield><datafield ind1=' ' ind2=' ' tag='035'><subfield code='a'>KR_1KR_1_20120317233654079663-48omnis_kr</subfield></datafield><datafield ind1=' ' ind2=' ' tag='035'><subfield code='a'>KR_1_20120317233654079663</subfield><subfield code='9'>ExL</subfield></datafield><datafield ind1=' ' ind2=' ' tag='035'><subfield code='a'>(PL)b00001150001289</subfield></datafield><datafield ind1=' ' ind2=' ' tag='040'><subfield code='a'>KR_1</subfield><subfield code='c'>KR_1</subfield></datafield><datafield ind1='1' ind2=' ' tag='041'><subfield code='a'>pol</subfield><subfield code='h'>eng</subfield></datafield><datafield ind1='1' ind2=' ' tag='100'><subfield code='a'>Di Robilant, Andrea</subfield></datafield><datafield ind1='1' ind2='0' tag='245'><subfield code='a'>Kochankowie z Wenecji /</subfield><subfield code='c'>Andrea di Robilant ; przekł. Barbara Przybyłowska.</subfield></datafield><datafield ind1=' ' ind2=' ' tag='260'><subfield code='a'>W-wa :</subfield><subfield code='b'>&quot;Amber&quot;,</subfield><subfield code='c'>2004.</subfield></datafield><datafield ind1=' ' ind2=' ' tag='300'><subfield code='a'>278 s. ;</subfield><subfield code='c'>21 cm.</subfield></datafield><datafield ind1='1' ind2=' ' tag='490'><subfield code='a'>Zakazane Biografie</subfield></datafield><datafield ind1=' ' ind2=' ' tag='500'><subfield code='a'>n</subfield></datafield><datafield ind1=' ' ind2=' ' tag='504'><subfield code='a'>Indeks.</subfield></datafield><datafield ind1='1' ind2='9' tag='600'><subfield code='a'>Memmo, Andrea</subfield><subfield code='d'>(1729-1793)</subfield></datafield><datafield ind1='1' ind2='9' tag='600'><subfield code='a'>Rosenberg-Orsini, Justine</subfield><subfield code='d'>(1737-1791)</subfield></datafield><datafield ind1=' ' ind2='7' tag='648'><subfield code='a'>1701-1800</subfield><subfield code='2'>DBN</subfield></datafield><datafield ind1=' ' ind2='9' tag='650'><subfield code='a'>Arystokracja</subfield><subfield code='z'>Włochy</subfield><subfield code='y'>18 w.</subfield></datafield><datafield ind1=' ' ind2='9' tag='650'><subfield code='a'>Erotyzm</subfield><subfield code='z'>Włochy</subfield><subfield code='y'>18 w.</subfield></datafield><datafield ind1=' ' ind2='7' tag='650'><subfield code='a'>Życie codzienne</subfield><subfield code='2'>DBN</subfield></datafield><datafield ind1=' ' ind2='7' tag='651'><subfield code='a'>Wenecja (Włochy)</subfield><subfield code='2'>DBN</subfield></datafield><datafield ind1=' ' ind2=' ' tag='658'><subfield code='a'>Socjologia i społeczeństwo</subfield></datafield><datafield ind1=' ' ind2=' ' tag='658'><subfield code='a'>Etnologia i antropologia kulturowa</subfield></datafield><datafield ind1='1' ind2=' ' tag='700'><subfield code='a'>Przybyłowska, Barbara.</subfield><subfield code='e'>Tł.</subfield></datafield><datafield ind1=' ' ind2=' ' tag='852'><subfield code='b'>48OMNIS_NETWORK</subfield><subfield code='8'>9913261234305606</subfield></datafield><datafield ind1=' ' ind2=' ' tag='852'><subfield code='b'>48OMNIS_BOL</subfield><subfield code='8'>990004790110308413</subfield></datafield><datafield ind1=' ' ind2=' ' tag='852'><subfield code='b'>48OMNIS_KR</subfield><subfield code='8'>991000012889708216</subfield></datafield><datafield ind1=' ' ind2=' ' tag='852'><subfield code='8'>22742330120008413</subfield><subfield code='j'>1</subfield><subfield code='b'>001WD</subfield><subfield code='p'>00101-000150633</subfield><subfield code='c'>WD</subfield></datafield><datafield ind1=' ' ind2=' ' tag='852'><subfield code='8'>2213795790008216</subfield><subfield code='j'>1</subfield><subfield code='b'>KR_2_1</subfield><subfield code='p'>KR_2_10007946</subfield><subfield code='c'>KR_2_1_1</subfield></datafield><datafield ind1=' ' ind2=' ' tag='920'><subfield code='a'>83-241-2412-8</subfield></datafield></record>
  </collection>
</resp>
